000 00521nam a2200181 a 4500
005 20140414093843.0
008 090205s19uu xx uuu eng d
050 _aCD 781.554
_bTAH 1990
050 _aCD 781.554
_bTAH 1990R
245 _a34 Best Tahitian Hawaiian Polynesian :
_bsounds music and songs for Tahitian & Hula Dancing.
260 _aManila :
_bAquarius Records.
650 _aDance music.
650 _aHula dance.
650 _aTahitian dance.
942 _cAVM
999 _c109404
_d109404